من روائع الحلى المصرية/ A Selection of Egyptian Jewelry Masterpiece

محفوظ في:

التنسيق: كتاب

اللغة: Undetermined

منشور في: Egypt Prism Cultural Publications

الوسوم: إضافة وسم

لا توجد وسوم, كن أول من يضع وسما على هذه التسجيلة!

رقم الطلب:

LEADER 00316nam a2200097Ia 4500
008 240503s9999||||xx |||||||||||||| ||und||
245 1 0 |a من روائع الحلى المصرية/ A Selection of Egyptian Jewelry Masterpiece 
264 1 |a Egypt  |b Prism Cultural Publications 
300 |b 20 plates  |c 24 
942 |2 lcc  |c BK 
999 |c 58345  |d 58345